• 首页
  • 本馆介绍
  • 公告通知
  • 最新文献
  • 馆藏检索
  • 电子资源
  • 读者导购
  • 参考咨询
  • 我的图书馆
  • 登录
  • 详细信息显示
  • 放入我的书架
  • 预约/预借图书
  • 作者相关作品
  • 分类相关作品
  • 丛书相关作品
  • 出版社相关作品

书目信息

  • 表格格式
  • 工作单格式
  • 卡片格式
书名: An introduction to hearing
作者: David Green.
分册号:
分册名:
出版地: Hillsdale, N.J. :
 
出版社: Lawrence Erlbaum Associates
出版时间: 1976.
页数: x, 353 p. :
开本: 24 cm.
丛书名:
中图分类号:
科图分类号:
其他分类号: Q437
主题词:
电子资源:
000 00716pam a2200229 i 450
001 E0740494845
005 20070710113804.50
008 760609s1976 njua b 001 0 eng
010    @a76020561
020    @a0470151889 :@c$14.95.
035    @A(DLC) 76020561
040    @aDLC@cDLC@dDLC
050 00 @aQP461@b.G67
082 00 @a612/.85
090    @aQ437
099    @dQ437@ex16
100 1  @aGreen, David Marvin,@d1932-
245 13 @aAn introduction to hearing / @cDavid Green.
260    @aHillsdale, N.J. :@bLawrence Erlbaum Associates ;@aNew York :@bdistributed by the Halsted Press Division, Wiley,@c1976.
300    @ax, 353 p. :@bill. ;@c24 cm.
504    @aIncludes bibliographies and indexes.
650  0 @aHearing.
    
    An introduction to hearing / / David Green.-Hillsdale, N.J. : : Lawrence Erlbaum Associates ; ; New York : : distributed by the Halsted Press Division, Wiley, , 1976.
    x, 353 p. : : ill. ; ; 24 cm.
    Includes bibliographies and indexes.
    
    ISBN 0470151889 :$14.95.
    
●
相关链接 在E读中查询图书 在五车中查询图书 在当当中查询图书 在豆瓣中查询图书


正题名:introduction to hearing     索取号:Q437/x16         预约/预借

序号 登录号 条形码 馆藏地/架位号 状态 备注
1 0011620   300116201   第二样本阅览室/ [索取号:Q437/x16] 在馆    
唐山师范学院图书馆 欢迎您!
大连网信软件有限公司© 版权所有